000 01204nam0a22003131 4500
001 RU\NLR\INFOCOMM_161\5000077990
005 20250613095930.0
035 _a(NLR Aleph) 009319769
090 _a9388430
_c9388430
100 _a20100825d1969 |||y0rusy50 ca
101 0 _afre
102 _aRU
105 _aa ||||000|y
200 1 _aLéningrad
_eGuide du touriste
_fEléna Dorochinskaïa et Vadim Kroutchina
210 _aM.
_cÉd. de l'Agence de presse "Novosti"
_d[1969]
215 _a326 с.; 17 л. цвет. ил.
_cил., цвет. ил.
_d16 см
300 _aНа обл. сост. не указаны
300 _aНа последней с.: Е. Дорошинская, В. Кручина. Ленинград. Путеводитель
607 _aЛенинград
_jПутеводители
_2nlr_sh1
686 _aУн15-441
_2rubbk
700 1 _9z03790
_aDorošinskaja
_bE. M.
_gElena Matveevna
_4070
701 1 _9z04790
_aKručina
_bV. I.
_gVadim Ivanovič
_4070
790 1 _9z03700
_aDorochinskaïa
_bE.
_gEléna
_4070
790 1 _9z04701
_aKroutchina
_bV.
_gVadim
_4070
801 1 _aRU
_bNLR
_c20100825
801 0 _aRU
_bNLR
_gPSBO
852 _aNLR
_jО21 Д-1/67
942 _cBOOK
980 _aNB